Die fünf größten Städte pro Kreis in Schleswig-Holstein - Statistiken

Allgemein
  • Dieses Quiz wurde 70 mal gespielt
  • Das Durchschnittsergebnis liegt bei 26 aus 55
Antwortstatistiken
Kreis Einwohnerzahl Stadt % Korrekt
Rendsburg-Eckernförde 21.620 Eckernförde
92%
Rendsburg-Eckernförde 30.545 Rendsburg
92%
Pinneberg 44.756 Pinneberg
90%
Schleswig-Flensburg 25.904 Schleswig
90%
Segeberg 18.891 Bad Segeberg
88%
Plön 8.919 Plön
88%
Dithmarschen 22.467 Heide
79%
Nordfriesland 23.814 Husum
79%
Steinburg 32.319 Itzehoe
79%
Segeberg 82.719 Norderstedt
79%
Herzogtum Lauenburg 14.552 Ratzeburg
71%
Pinneberg 50.728 Elmshorn
67%
Herzogtum Lauenburg 19.566 Mölln
63%
Stormarn 25.104 Bad Oldesloe
62%
Stormarn 34.601 Ahrensburg
60%
Ostholstein 17.296 Eutin
60%
Dithmarschen 12.651 Brunsbüttel
58%
Herzogtum Lauenburg 32.763 Geesthacht
58%
Nordfriesland 13.679 Sylt
58%
Segeberg 23.478 Kaltenkirchen
56%
Ostholstein 20.169 Bad Schwartau
54%
Nordfriesland 10.159 Niebüll
54%
Stormarn 28.579 Reinbek
54%
Pinneberg 34.617 Wedel
52%
Pinneberg 22.339 Quickborn
50%
Steinburg 10.987 Glückstadt
48%
Ostholstein 15.749 Neustadt in Holstein
48%
Plön 16.186 Preetz
48%
Segeberg 28.375 Henstedt-Ulzburg
44%
Segeberg 15.451 Bad Bramstedt
42%
Herzogtum Lauenburg 17.370 Schwarzenbek
42%
Schleswig-Flensburg 11.371 Handewitt
40%
Schleswig-Flensburg 8.683 Kappeln
38%
Dithmarschen 7.318 Meldorf
38%
Pinneberg 19.817 Schenefeld
37%
Schleswig-Flensburg 11.733 Harrislee
35%
Dithmarschen 5.979 Marne
35%
Stormarn 16.320 Bargteheide
31%
Dithmarschen 5.078 Büsum
31%
Stormarn 18.656 Glinde
31%
Rendsburg-Eckernförde 11.854 Kronshagen
31%
Plön 14.032 Schwentinental
31%
Ostholstein 15.353 Ratekau
29%
Nordfriesland 5.826 Bredstedt
27%
Nordfriesland 7.837 Leck
25%
Ostholstein 17.022 Stockelsdorf
23%
Rendsburg-Eckernförde 10.470 Büdelsdorf
21%
Schleswig-Flensburg 6.709 Kropp
19%
Steinburg 8.313 Kellinghusen
17%
Rendsburg-Eckernförde 9.927 Altenholz
13%
Plön 8.698 Heikendorf
13%
Steinburg 5.972 Hohenlockstedt
13%
Herzogtum Lauenburg 13.493 Wentorf bei Hamburg
13%
Steinburg 5.930 Horst (Holstein)
12%
Plön 6.899 Schönkirchen
12%
Keine übereinstimmenden Quizze gefunden
Verteilung der Resultate
Anzahl Personen mit jedem Resultat
Perzentil nach korrekt beantworteten Fragen
Ihre Resultats-Entwicklung
Sie haben dieses Quiz noch nicht gespielt